LEADER 01057nam0-2200313---450- 001 990008520020403321 005 20130115104610.0 035 $a000852002 035 $aFED01000852002 035 $a(Aleph)000852002FED01 035 $a000852002 100 $a20070531d1969----km-y0itay50------ba 101 0 $aeng 102 $aUS 105 $aa---a---001yy 200 1 $aLight, color and environment$ea thorough presentation of facts on the biological and psychological effects of color-plus historical data and detailed recommendations for the resultful use of color in modern human environments$fFaber Birren 210 $aNew York [etc.]$cVan Nostrand Reinhold$d1969 215 $a131 p.$cill.$d29 cm 610 0 $aArti grafiche$aAmbiente 700 1$aBirren,$bFaber$0322142 801 0$aIT$bUNINA$gRICA$2UNIMARC 901 $aBK 912 $a990008520020403321 952 $a08 AA 16$b2658 C.E.$fDINED 952 $aEST B 136$b7952$fFARBC 959 $aDINED 959 $aFARBC 996 $aLight, color and environment$9332825 997 $aUNINA LEADER 02689nam 2200469 450 001 9910812427703321 005 20231110224048.0 010 $a2-8062-2997-9 035 $a(CKB)3710000000307003 035 $a(EBL)1870092 035 $a(MiAaPQ)EBC1870092 035 $a(Au-PeEL)EBL1870092 035 $a(OCoLC)897071088 035 $a(PPN)188690646 035 $a(EXLCZ)993710000000307003 100 $a20220519d2017 uy 0 101 0 $afre 135 $aur|n|---||||| 181 $ctxt$2rdacontent 182 $cc$2rdamedia 183 $acr$2rdacarrier 200 10$aBajazet de Jean Racine (Analyse de L'oeuvre) $eAnalyse Complete et Resume detaille de L'oeuvre /$fMaria Puerto Gomez, Ariane Cesar 210 1$aCork, Ireland :$cLemaitre Publishing,$d[2017] 210 4$dİ2017 215 $a1 online resource (36 p.) 225 1 $aFiche de Lecture 300 $aDescription based upon print version of record. 311 $a2-8062-2999-5 327 $a1. Re?sume?; Acte I; Sce?ne 1; Sce?ne 2; Sce?ne 3; Sce?ne 4; Acte II; Sce?ne 1; Sce?ne 2; Sce?ne 3; Sce?ne 4; Sce?ne 5; Acte III; Sce?ne 1; Sce?ne 2; Sce?ne 3; Sce?ne 4; Sce?ne 5; Sce?ne 6; Sce?ne 7; Sce?ne 8; Acte IV; Sce?ne 1; Sce?ne 2; Sce?ne 3; Sce?ne 4; Sce?ne 5; Sce?ne 6; Acte V; Sce?ne 1; Sce?ne 2; Sce?ne 3; Sce?ne 4; Sce?ne 5; Sce?ne 7; Sce?ne 8; Sce?ne 9; Sce?ne 10; Sce?ne 11; Sce?ne 12; 2. E?tude des personnages; Acomat; Bajazet; Roxane; Atalide; 3. Cle?s de lecture; Le the?me de l'Orient; Le genre de la trage?die; Conflits intimes : amour et pouvoir; 4. Pistes de re?flexion; 5. Informations comple?mentaires 330 $a Tout ce qu'il faut savoir sur Bajazet de Racine ! Retrouvez l'essentiel de l'?uvre dans une fiche de lecture comple?te et de?taille?e, avec un re?sume?, une e?tude des personnages, des cle?s de lecture et des pistes de re?flexion. Re?dige?e de manie?re claire et accessible, la fiche de lecture propose d'abord un re?sume? sce?ne par sce?ne de la pie?ce, puis s'inte?resse aux personnages d'Acomat, de Bajazet, de Roxane et d'Atalide. On aborde ensuite les e?le?ments caracte?ristiques du the?me de l'Orient dans l'?uvre, ainsi que le genre de la trage?die, avant de commenter les dilemmes qui de?chirent les diffe?rents p 410 0$aFiche de Lecture 607 $aTurkey$xHistory 676 $a909.04943 700 $aGomez$b Maria Puerto$01632446 702 $aCesar$b Ariane 801 0$bMiAaPQ 801 1$bMiAaPQ 801 2$bMiAaPQ 906 $aBOOK 912 $a9910812427703321 996 $aBajazet de Jean Racine (Analyse de L'oeuvre)$93971592 997 $aUNINA